Χρήση εργαστηριακών μικρόκοσμων για τη μελέτη αυτοοργάνωσης και διαταραχών φυτοπλαγκτονικών συνευρέσεων : πτυχιακή εργασία
Αποθηκεύτηκε σε:
| Κύριος συγγραφέας: | |
|---|---|
| Συγγραφή απο Οργανισμό/Αρχή: | |
| Μορφή: | Thesis Βιβλίο |
| Γλώσσα: | Greek |
| Δημοσίευση: |
2012
|
| Θέματα: | |
| Διαθέσιμο Online: | http://hdl.handle.net/11610/7170 |
| Ετικέτες: |
Προσθήκη ετικέτας
Δεν υπάρχουν, Καταχωρήστε ετικέτα πρώτοι!
|
MARC
| LEADER | 00000cam a2200000 i 4500 | ||
|---|---|---|---|
| 001 | 1/27835 | ||
| 008 | 130329s2012 gre d | ||
| 035 | |l 10114087 | ||
| 040 | |a GR-MY-UA |b gre |e aacr | ||
| 041 | 0 | |a gre | |
| 082 | 0 | |a 579.81776 |2 (22) | |
| 100 | 1 | |a Παπανικολοπούλου, Λυδία-Άλκυστις. | |
| 245 | 1 | 0 | |a Χρήση εργαστηριακών μικρόκοσμων για τη μελέτη αυτοοργάνωσης και διαταραχών φυτοπλαγκτονικών συνευρέσεων : |b πτυχιακή εργασία / |c Λυδία-Άλκυστις Παπανικολοπούλου ; επιβλέπων: Μιχαήλ Καρύδης |
| 260 | |c 2012 | ||
| 300 | |a 47 σ.; |c διαγρ. | ||
| 300 | |c 30 εκ. | ||
| 502 | |a Πτυχιακή εργασία – Πανεπιστήμιο Αιγαίου, Λέσβος, 2012. | ||
| 504 | |a Βιβλιογραφία: σ. 40-47 | ||
| 650 | 0 | 0 | |a Phytoplankton |x Research. |
| 650 | 0 | 0 | |a Phytoplankton |x Ecology. |
| 650 | 0 | 0 | |a Dissertations, Academic |z Greece. |
| 700 | 1 | |a Καρύδης, Μιχάλης, |e dgs | |
| 710 | 2 | |a Πανεπιστήμιο Αιγαίου |b Σχολή Περιβάλλοντος |b Τμήμα Επιστημών της Θάλασσας. | |
| 852 | |a INST |b LESVOS |c DIATR |e 20130329 |h 653 |p 005100051892 |q 005100051892 |t DIE |y 23 | ||
| 852 | |a INST |b LESVOS |c DIATR |e 20130329 |h 654 |p 005100051893 |q 005100051893 |t DIE |y 23 | ||
| 856 | |u http://hdl.handle.net/11610/7170 | ||
| 901 | |a BIBL1-2013-1 | ||
| 909 | |a Λ |b 179042 | ||
| 909 | |a Λ |b 179043 | ||
| 924 | |a ΠΑΠΑΝΙΚΟΛΟΠΟΥΛΟΥ |b ΛΥΔΙΑ-ΑΛΚΥΣΤΙΣ |y ΛΕΣΒΟΣ |z 2013-01 | ||
| 970 | |a ΤΖΑΦΕΡΗ |b ΕΥΑΓΓΕΛΙΑ |z 2013/03/29 | ||